|
|
|
|
| LEADER |
01415nam a22003015a 4500 |
| 001 |
6151 |
| 003 |
BD-DhAAL |
| 005 |
20130730094929.0 |
| 008 |
980917s1998 bg a 101 0 eng d |
| 010 |
|
|
|a 98907098
|
| 020 |
|
|
|a 9845511392
|
| 040 |
|
|
|a DLC
|c DLC
|d BD-DhAAL
|
| 082 |
|
|
|a 616.3/9095492
|
| 110 |
2 |
|
|a International Centre for Diarrhoeal Disease Research, Bangladesh.
|b Scientific Conference
|n (7th :
|d 1998 :
|c Dhaka, Bangladesh)
|9 2420
|
| 245 |
1 |
0 |
|a 7th Annual Scientific Conference (ASCON), 14-15 February 1998 :
|b programme and abstracts : nutrition and emerging/re-emerging infectious diseases.
|
| 260 |
|
|
|a Dhaka :
|b International Centre for Diarrhoeal Disease Research, Bangladesh,
|c c1998.
|
| 300 |
|
|
|a viii, 144 p. ;
|c 26 cm.
|
| 490 |
1 |
|
|a Special publication ;
|v no. 68
|
| 500 |
|
|
|a "Co-sponsors: UNICEF, WHO, HKI, and USAID/Washington."
|
| 500 |
|
|
|a Includes indexes.
|
| 541 |
|
|
|e 6151
|
| 650 |
|
|
|a Nutrition Disorders
|x prevention & control
|z Bangladesh
|9 2421
|
| 710 |
2 |
|
|a International Centre for Diarrhoeal Disease Research, Bangladesh.
|9 2422
|
| 830 |
|
0 |
|a Special publication (International Centre for Diarrhoeal Disease Research, Bangladesh) ;
|v no. 68.
|9 2423
|
| 942 |
|
|
|2 ddc
|c BK
|
| 955 |
|
|
|a wd14;08/03/98
|
| 999 |
|
|
|c 13772
|d 13772
|
| 952 |
|
|
|0 0
|1 0
|2 ddc
|4 0
|6 616_390954920000000_ANN
|7 0
|9 23034
|a BRACUL
|b BRACUL
|c GEN
|d 2013-07-30
|l 0
|o 616.39095492 ANN
|p 3010006151
|r 2013-07-30
|t 1
|w 2013-07-30
|y BK
|